000
00307nam a2200109Ia 4500
008
200302s9999 xx 000 0 und d
100
_a
J. C. Palmes
245
_a
Sir Banister Fletcher's A History of Architecture 18 th ed.
260
_b
C. B. C. Publishers & Distributors
260
_c
1986
300
_a
1390 P.,
999
_c
555
_d
555